Statistics for Samoa Country Quiz

Click here to take the quiz!

General Stats

  • This quiz has been taken 8,385 times
    (8,306 since last reset)
  • The average score is 15 of 20

Answer Stats

ClueAnswer% Correct
Official languagesEnglish
98%
Country that still controls the eastern part of the Samoan islandsUnited States
94%
Oceanian region that Samoa is part of{Poly}nesia
92%
22% of Samoa's population died from this 1918–1919 pandemic, making it possibly
the world's worst-hit country
Spanish Flu
90%
Name of Samoa prior to 1997, which explains why its country code is "ws"{Western} Samoa
89%
Until 2009, Samoa did this on the right, but now they do it on the leftDrive
89%
98% of Samoans practice this religionChristianity
87%
Official languagesSamoan
85%
Traditionally, many Samoans have these on their body which are known as
pe'a (for men) or mula (for women)
Tattoos
84%
Most popular sportRugby Union
79%
Country from which Samoa gained its independence in 1962New Zealand
76%
Country that controlled Samoa from 1900–1914Germany
73%
Constellation depicted on the flagSouthern Cross
72%
Capital cityApia
69%
December 30, 2011 never existed in Samoa as the country switched to the
opposite side of this imaginary line
International Date Line
65%
Traditional Samoan houses don't have theseWalls
56%
Scottish writer of "Treasure Island" who lived in SamoaRobert Louis Stevenson
51%
Copra, a staple crop, is the dried meat of this tropical plantCoconut
49%
Root vegetable which was Samoa's main export prior to a 1994 blightTaro
30%
The two main islands of Samoa (name either)Savai'i / Upolu
23%

Score Distribution

Percentile by Number Answered

Percent of People with Each Score

Your Score History

You have not taken this quiz since the last reset